Dutch Disease in Nigeria

Pradoxná situácia, v ktorej veľké množstvo prírodného bohatstva v krajine zničí ekonomiku. Pozorovanie vývoja dát za export, menového kurzu a cien ropy v Nigérii.

Na minha lista:
Detalhes bibliográficos
Autor principal: Hlavová, Natália, 1991-
Formato: Capítulo de Livro
Idioma:inglês
Assuntos:
Tags: Adicionar Tag
Sem tags, seja o primeiro a adicionar uma tag!

MARC

LEADER 00000nla a2200000 4500
001 0197193
005 20240502073329.8
041 0 |a eng 
044 |a SK 
245 1 0 |a Dutch Disease in Nigeria  |c Natália Hlavová 
520 |a Pradoxná situácia, v ktorej veľké množstvo prírodného bohatstva v krajine zničí ekonomiku. Pozorovanie vývoja dát za export, menového kurzu a cien ropy v Nigérii. 
610 2 0 |a zdroje energie prírodné 
610 2 0 |a Nigéria 
610 2 0 |a ropa 
610 2 0 |a vývoz 
610 2 0 |a analýza regresná 
610 2 0 |a analýza korelačná 
610 2 0 |a ceny 
100 1 |a Hlavová, Natália, 1991-